000
00286nam a22001097a 4500
008
180212b xxu||||| |||| 00| 0 eng d
245
_a
Rural school modernization.
260
_a
Philippines:
_b
Sun Star Davao,
_c
c2017.
300
_a
page 12.
650
0
_9
26363
_a
Schools.
942
_2
ddc
_c
PER
999
_c
8562
_d
8562